000 00609nam a2200229Ia 4500
003 OSt
005 20220918202109.0
006 a|||||r|||| 00| 0
007 ta
008 220917b |||||||| |||| 00| 0 eng d
024 _a98,766
037 _cTextual
040 _aARTS
_cARTS
_beng
041 _2eng
_aeng
082 _aV2:25wM97x, H6-;1
100 _aBose Subhas Chandra
_925966
245 0 _aOn to Delhi
_b speeches and writings ed by G C Jain
260 _c1946
650 _aHISTORY
942 _hV2:25wM97x, H6-;1
_cTEXL
_2CC
999 _c222351
_d222351